Online
Catalog

Tamarís. (Record no. 43121)

MARC details
000 -CABECERA
campo de control de longitud fija 00273nam a2200109 a 4500
005 - FECHA Y HORA DE LA ÚLTIMA TRANSACCIÓN
campo de control 20201002044905.0
008 - DATOS DE LONGITUD FIJA--INFORMACIÓN GENERAL
campo de control de longitud fija 140401s1970 000 spa d
040 ## - FUENTE DE LA CATALOGACIÓN
Centro catalogador/agencia de origen DO-SdBNP
100 ## - ENTRADA PRINCIPAL--NOMBRE DE PERSONA
Nombre de persona Sand, George
9 (RLIN) 41296
245 #0 - MENCIÓN DE TÍTULO
Título Tamarís.
260 ## - PUBLICACIÓN, DISTRIBUCIÓN, ETC.
Lugar de publicación, distribución, etc. Madrid -- Libra,
Fecha de publicación, distribución, etc. 1970 -- 185 p.

No items available.

Powered by Koha